| 000 | 01352ngm a22003730a 4500 | ||
|---|---|---|---|
| 001 | PT43888 | ||
| 003 | AR-LpoUNG | ||
| 005 | 20210201235943.0 | ||
| 007 | vd cvaizq | ||
| 008 | 191001s[201||||ag |||||||||||||||||spa d | ||
| 037 | _c$10 | ||
| 040 |
_aAR-LpoUNG _bspa _cAR-LpoUNG _eaacr |
||
| 041 | _aspa | ||
| 044 | _aag | ||
| 082 | 0 | _a302.1 617v4 | |
| 100 | 1 |
_aBirri, Fernando _edir. |
|
| 245 | 1 | 0 | _aBuenos días, Buenos Aires |
| 260 |
_aRosario : _bISCAA - ATE, _c[2011]. |
||
| 300 | _aDVD (20 min.) : son., byn | ||
| 505 | 0 | _aHecha en 1960.- Guión: Fernando Birri, Jorge Alberto Ferrando. - Producción: Carlos A. Parrilla, José A. Martínez. - Fotografía: Adelqui Camusso, Ricardo Aronovich, Enrique Walfisch. - Música: Horacio Salgán, Aníbal Troilo, Eduardo Roma, Ástor Piazzolla, Virtú Maragno. - Sonido: Mario Fezia. Elenco: Hugo del Carril | |
| 520 | _aAcercamiento íntimo, lírico y realista del despertar de la ciudad. Una mirada desde la raíz, que evita el enfoque costumbrista y penetra en la fisonomía del argentino. | ||
| 650 | 4 | _aARGENTINA | |
| 650 | 4 | _aCULTURA | |
| 650 | 4 | _aMARGINALIDAD | |
| 650 | 4 | _aPOBREZA | |
| 650 | 4 | _aPROBLEMAS SOCIALES | |
| 651 | 4 | _aArgentina | |
| 653 | _aCINE ARGENTINO | ||
| 653 | _aDOCUMENTALES | ||
| 653 | _aDVD | ||
| 653 | _aVIDEOS | ||
| 905 | _a43888 | ||
| 942 | _cDVD | ||
| 999 |
_c53834 _d53834 |
||